1737 1698 1906 1701 1358 1603 1392 1857 1908 1129 1842 1554 1360 1840 1353 1443 1505 1895 1215 1266 1608 1074 1894 1255 1769 1276 1450 1760 1467 1020 1701 1910 1604 1616 1399 1393 1751 1006 1399 1447 1647 1779 1555 1907 1137 1842 1391 1044 1556 1816 1543 1962 1676 1940 1230 1243 1110 1974 1560 1687 1809 1536 1279 1195 1241 1789 1219 1078 1719 1971 1405 1827 1234 1180 1682 1492 1394 1690 1609 1508 1896 1635 1047 1009 1732 1717 1192 1653 1344 1222 1700 1515 1743 1768 1089 1202 1573 1099 1551 BCNSPRNW ULIB Ver.6.0+V

เปลี่ยนเป็นภาษาไทย

Change to English
 แสดงรายละเอียดบรรณานุกรม
  กลับหน้าหลัก

Brief Record : Get Marc (ISO 2709) : E-mail record : QR code < ปิดหน้าต่าง
LEADER : 00000nam 2200000uu 4500
001    13399114558
003     ULIB
008    110627s2549||||th 000 0 tha d
020    9789749987049
090    นว.^bน111
100 0  Sunshine
245 00  เนฟเวอร์ นัม = Never numb ภาค Sky brade /^cSunshine
250    พิมพ์ครั้งที่ 1
260    กรุงเทพฯ :^bกู๊ดมอร์นิ่ง,^c2549
300    400 หน้า
710 1  กู๊ดมอร์นิ่ง
945    ^p299^l0^i021001
995    ทศพร
999 ^a ใช้งานได้ทุกระบบ
รายการนี้ยังไม่มีแท็ก
คุณยังไม่ได้ล็อกอิน คุณสามารถมีกิจกรรมร่วมกับเว็บไซต์ได้ แต่ต้องล็อกอินก่อน ::
  ล็อกอิน

รายการสื่อสารสนเทศ

ลำดับที่ ประเภท เลขเรียก/บาร์โค้ด สถานที่ สถานะ
1. นวนิยาย
นวนิยาย
นว. น111 ฉ.1 
  Barcode: 021001
ห้องสมุดวิทยาเขตสวรรค์ประชารักษ์
►นวนิยาย
บนชั้น
  ขอยืม

รายการใกล้เคียง
    ผู้แต่ง [Sunshine]

BibComment


ยังไม่เคยถูกคอมเมนท์

คอมเมนท์ทรัพยากรรายการนี้
  คอมเมนท์: เนฟเวอร์ นัม Ne..


 Copyright 2026. Bcnsprnw @Library